Регионална библиотека "Любен Каравелов" - Русе

Открития и изобретения (Запис номер 521529)

MARC детайли
000 -Лидер
Лидер 01288nam a2200313 a 4500
003 - Код на организацията, давaща контролен номер
Код на организацията, даваща контролен номер BLK
005 - Дата и час на последна редакция
Дата и час на последна редакция 20250505143900.0
007 - Фиксирано поле за физическо описани
Физическо описание ta
008 - Елементи от данни с фиксирана дължина
Елементи с фиксирана дължина 180409b bul|||||r ||||||| ||bul||
020 ## - Международен стандартен номер на книга ISBN
ISBN 9786199251713
040 ## - Източник на каталожния запис
Код на библиотеката BLK
041 ## - Код за език
Език Български
Език за КДБФ Български
080 ## - УДК
УДК текст Изобретения и открития. Изобретателство. Рационализации. Патенти. Промишлени образци. Вж и 347.77
УДК код 001.894
УДК – код + определител 001.894
9 (RLIN) 231605
245 10 - Сведения за заглавието
Заглавие Открития и изобретения
Подзаглавни данни открития и изобретения, които променят света
Авторска отговорност прев. Милена Иванова
257 ## - Страна на издаване
Страна на създаване/издаване България
260 ## - Област на издателските данни
Място на издаване София
Име на издателя Noble Star Books
Година на издаване 2023
9 (RLIN) 488588
300 ## - Физическа характеристика
Брой страници 45 с.
Илюстрации с цв. ил.
Размер 29 см
380 ## - Жанр
Жанр Детска отраслова лит.
490 ## - СЕРИИ (Колекции)
Серия Чудесата на познанието
9 (RLIN) 491344
650 #0 - Допълнително описание по предмет – тема
Предметна рубрика Научни открития
9 (RLIN) 259368
650 #0 - Допълнително описание по предмет – тема
Предметна рубрика Детска и юношеска литература
9 (RLIN) 243025
700 ## - Други автори (авторска отговорност)
9 (RLIN) 245909
Друг автор Иванова, Милена Валентинова
852 ## - Местоположение
Отдел Детски отдел
Систематично-азбучна сигнатура ДН 0/О-91
856 4# - Електронен адрес и достъп
Електронен формат pdf - файл
Инструкция (цена за достъп) 0.00
Права за достъп disable
856 4# - Електронен адрес и достъп
Електронен формат pdf - файл
Инструкция (цена за достъп) 0.00
Права за достъп disable
942 ## - АРТИКУЛИ
Вид на библиотечния документ Книги
Скрит в OPAC Не
Koha issues (borrowed), all copies 3
944 ## - СЪЗДАВАНЕ И РЕДАКЦИЯ на ЗАПИСА
Дата на регистрацията/редакция Кети Илиева
Служител, извършил регистрацията/редакцията 30543
Номер на служител Ива Цветкова
999 ## - СИСТЕМНИ КОНТРОЛНИ НОМЕРА
Koha biblionumber 521529
Koha biblioitemnumber 521529
Наличности
Код за отписване Код за изгубен артикул Източник на класификационната схема Код за повреда Код за отдаване Артикулен № Име на библиотеката - собственик Име на библиотеката, в която се намира в момента Статус (Текущо местоположение) Дата на вписване в системата Местоположение - отдел Цена в лева Инвентарен номер Систематично азбучна сигнатура Баркод Цена в евро Служебен тип на артикула
  Не е изгубен Universal Decimal Classification Не е повреден заемане за дома 954627 Регионална библиотека "Любен Каравелов" Русе Регионална библиотека "Любен Каравелов" Русе Детски отдел 2024-11-11 Детски отдел 19.90 120000915258 ДН 0/О-91 120000915258 10.17 Книги
Vip Innovations Ltd, Rousse, Bulgaria 2025